000
00198 a2200097 4500
001
47695
100
_a
Doust L.A
245
_a
Trees
260
_a
London
_b
Frederick wane
_c
090
_c
30701
_d
30701
942
_a
NUST-CAE
_c
M
_c
23005
999
_c
282768
_d
282768